Central Library OPAC University of Rajshahi

Proceedings of the first World Metallurgical Congress / (Record no. 20403)

MARC details
000 -LEADER
fixed length control field 00920nam a2200253 a 4500
001 - CONTROL NUMBER
control field 20403
003 - CONTROL NUMBER IDENTIFIER
rucl marc code BD-RjUL
005 - DATE AND TIME OF LATEST TRANSACTION
control field 20211209000548.0
008 - FIXED-LENGTH DATA ELEMENTS--GENERAL INFORMATION
fixed length control field 140227s1952 ohua b 100 0 eng d
035 ## - SYSTEM CONTROL NUMBER
System control number (OCoLC)ocm09178712
System control number (BD-RjUL)20465
040 ## - CATALOGING SOURCE
Original cataloging agency NBS
Transcribing agency NBS
Modifying agency OCL
-- ZCU
-- BD-RjUL
Language of cataloging eng
041 ## - LANGUAGE CODE
Language code of text/sound track or separate title eng
082 04 - DEWEY DECIMAL CLASSIFICATION NUMBER
Classification number 669
Author mark and year WOP 1952
111 2# - MAIN ENTRY--MEETING NAME
Meeting name or jurisdiction name as entry element World Metallurgical Congress
Number of part/section/meeting (1st :
Date of meeting 1951 :
Location of meeting Detroit, Mich.)
9 (RLIN) 62918
245 10 - TITLE STATEMENT
Title Proceedings of the first World Metallurgical Congress /
Statement of responsibility, etc. William Marsh Baldwin, Jr., Editor ; under the auspices of the American Society for Metals.
260 ## - PUBLICATION, DISTRIBUTION, ETC. (IMPRINT)
Place of publication, distribution, etc. Cleveland :
Name of publisher, distributor, etc. American Society for Metals,
Date of publication, distribution, etc. c1952.
300 ## - PHYSICAL DESCRIPTION
Pagination 835 p. :
Illustrations ill. ;
Size 24 cm.
504 ## - BIBLIOGRAPHY, ETC. NOTE
Bibliography, etc Includes bibliographical references.
650 #0 - SUBJECT ADDED ENTRY--TOPICAL TERM
Topical term or geographic name as entry element Metallurgy
Form subdivision Congresses.
9 (RLIN) 53281
700 1# - ADDED ENTRY--PERSONAL NAME
Personal name Baldwin, William Marsh.
710 2# - ADDED ENTRY--CORPORATE NAME
Corporate name or jurisdiction name as entry element American Society for Metals.
9 (RLIN) 62916
942 ## - ADDED ENTRY ELEMENTS (KOHA)
Source of classification or shelving scheme Dewey Decimal Classification
Koha item type Books
Holdings
Lost status Source of classification or shelving scheme Damaged status Not for loan Collection code Permanent Location Current Location Shelving location Date acquired Source of acquisition Cost, normal purchase price Total Checkouts Full call number Date last seen Copy number Koha item type
  Dewey Decimal Classification     Non-fiction Central Library, University of Rajshahi Central Library, University of Rajshahi Reading Room 05/05/1975 N/A 0.00   669 WOP 1952 27/02/2014 C-1 Books